Language Quiz

Random Language Quiz

Forms of sum Quiz Stats

Quiz not verified by Sporcle

Also try: Alphablanks
Challenge
Share
Tweet
Embed
Score 0/12 Timer 02:00
0 Plays Today
% Correct
sum
100%
es
89.1%
est
89.1%
sumus
84.4%
estis
81.3%
sunt
79.7%
I am
73.4%
you are
73.4%
he is
73.4%
we are
73.4%
they are
70.3%
you all are
65.6%

You're not logged in!

Compare scores with friends on all Sporcle quizzes.
Join for Free
OR
Log In

You Might Also Like...

Show Comments

Extras

Created Dec 13, 2010ReportNominate
Tags:form, sum

Top Quizzes Today


Score Distribution

Your Account Isn't Verified!

In order to create a playlist on Sporcle, you need to verify the email address you used during registration. Go to your Sporcle Settings to finish the process.

Report this User

Report this user for behavior that violates our Community Guidelines.

Details: